|
|
|
|
| LEADER |
00000nam a22000007a 4500 |
| 005 |
20130405121048.0 |
| 007 |
cr|||| |||| |
| 008 |
130405e2010 mx |||||s|||| 00||0 spa d |
| 020 |
|
|
|a 978-368-726-541-2
|
| 035 |
|
|
|a 11022
|
| 040 |
|
|
|a vLex
|
| 090 |
|
|
|c 4135
|d 4135
|
| 100 |
1 |
0 |
|a Ponce Rivera, Alejandro
|
| 245 |
1 |
0 |
|a Discrepancia fiscal
|c / Alejandro Ponce Rivera, Alejandro Ponce Rivera y Chv̀ez
|h [Recurso electrn̤ico]
|
| 256 |
|
|
|a Servicio en ln̕ea
|
| 260 |
|
|
|a Mx̌ico D.F. :
|b Ediciones Fiscales ISEF,
|c 2010
|
| 300 |
|
|
|a 1 Recurso electrn̤ico
|
| 506 |
|
|
|a Contenido solo disponible en los productos indicados
|d vLex Global
|d vLex Global (Academic Edition, excluding Law Schools)
|d vLex Global (U.S. Academic Edition, Law Schools)
|d vLex Global (U.S. Academic Edition, excluding Law Schools)
|d vLex Global (Academic Edition, Law Schools)
|
| 650 |
0 |
4 |
|a Derecho tributario
|z Mx̌ico
|
| 700 |
1 |
0 |
|a Ponce Rivera y Chv̀ez, Alejandro
|
| 740 |
|
|
|a vLex Libros (Servicio en ln̕ea)
|
| 856 |
|
|
|a Acceso restringido
|u http://www.vlex.com/source/11022
|
| 942 |
|
|
|c BOOK
|
| 999 |
|
0 |
|a Taxation
|